000
00337nam a2200145Ia 4500
005
20250508052613.0
008
240331s9999 xx 000 0 und d
082
_b
KAN
_a
891
100
_a
Kannan, L
245
0
_a
Osaigal
260
_a
Bangalore
_b
Kaavya
_c
1984
300
_a
241 p .,
500
_a
Short Novel & Short Stories
942
_c
L
999
_c
4373
_d
4373